000 00548nam a2200217Ia 4500
003 OSt
005 20220928145927.0
006 a|||||r|||| 00| 0
007 ta
008 220927b |||||||| |||| 00| 0 eng d
024 _a85663
037 _cTextual
040 _aSDCL
_cSDCL
_beng
041 _2eng
_aeng
082 _aD6,8(B)obx:8, L3
100 _aRadford K J
_9440961
245 0 _aInformation systems in management
260 _c1973
942 _hD6,8(B)obx:8, L3
_cTEXL
_2CC
999 _c837900
_d837900